Determination of the optimim cut and rotation in Malaysian production forests : An exonomic approach

Bibliographic Details
Main Author: MOHD Yunus bin Zakaria
Format: Book
Published: Bangor, Wales : University of Wales , 1993
Subjects:

MARC

LEADER 00000cam a2200000 7i4500
001 0000001214
005 20030701.0
090 0 0 |a R THE634.92   |b MOH 1993 
100 0 0 |a MOHD Yunus bin Zakaria 
245 1 0 |a Determination of the optimim cut and rotation in Malaysian production forests :   |b An exonomic approach   |c Mohd Yunus Zakaria 
260 0 0 |a Bangor, Wales :   |b University of Wales ,   |c 1993 
300 |a 242 p. ;   |c 30 cm. 
500 0 0 |a Bibliography : [p. 233-242] 
500 0 0 |a Thesis (Master of Philosophy) - University of Wales 
650 0 0 |a Forest management 
650 0 0 |a Logging 
998 |a JPSM 
999 |a 0000002098   |b Monograph   |c Thesis   |e Default branch 
999 |a 000004637   |b Thesis   |c Reference   |e Default branch